000 00331nam a2200121Ia 4500
008 190216s9999||||xx |||||||||||||| ||und||
100 _aRajendra Pal & Soni Pl
245 0 _aIas General Studies And Mental Ability Tests
260 _bSulthan Chand&Sons
_c1984
300 _a711p
650 _aGeneral Collections
942 _cREF
999 _c35730
_d35730